| 000 | 01194 a2200241 4500 | ||
|---|---|---|---|
| 003 | NUST | ||
| 005 | 20230131134440.0 | ||
| 010 | _a 76062518 | ||
| 020 | _a0806114061 : | ||
| 040 | _cNust | ||
| 082 | 0 | 0 |
_a940.56,MEL _aB |
| 100 | 1 |
_aMellenthin, F. W. von _948661 |
|
| 245 | 1 | 0 |
_aGerman generals of World War II : _bas I saw them / _cby F. W. von Mellenthin. |
| 250 | _a1st ed. | ||
| 260 |
_aNorman : _bUniversity of Oklahoma Press, _cc1977. |
||
| 300 |
_axix, 300 p. ; _bill. ; _c22 cm. |
||
| 505 | _aGeneral Werner Baron Von fritsch (Page-3), Field Marshal Erich von (Page-19), Lieutenant General helmuth von Pannwitz (Page-41), Field Marshal Erwin Rommel (Page-55), General Heinz Guderian (Page-85), Field Marshal Friedrich Paulus (Page-103), General Horst von Mellenthin (Page-125), Field Marshal Ferdinand Schorner (Page-175), General Hermann Balck (Page-189), Wafen-SS General Joseph (Page-225), General Walther Wenck (Page-253). | ||
| 600 | 1 | 0 |
_aMellenthin, F. W. von _d1904- _9108250 |
| 650 | 0 |
_aGenerals _zGermany. _948970 |
|
| 650 | 0 |
_aWorld War, 1939-1945 _xPersonal narratives, German. _9108171 |
|
| 650 | 0 |
_aWorld War, 1939-1945 _zGermany. |
|
| 942 |
_2ddc _cBK _k940.56,MEL |
||
| 999 |
_c187193 _d187193 |
||